Exploring Raspberry Pi : Interfacing to the real world with embedded Linux

This book favors engineering principles over a 'recipe' approach to give you the skills you need to design and build your own projects. You'll understand the fundamental principles in a way that transfers to any type of electronics, electronic modules, or external peripherals, using a...

全面介绍

Đã lưu trong:
书目详细资料
主要作者: Molloy, Derek
格式: 图书
语言:Undetermined
出版: Indianapolis, IN Wiley 2016
主题:
标签: 添加标签
没有标签, 成为第一个标记此记录!
Thư viện lưu trữ: Trung tâm Học liệu Trường Đại học Cần Thơ
LEADER 01003nam a2200229Ia 4500
001 CTU_238792
008 210402s9999 xx 000 0 und d
020 |c 759000 
082 |a 005.432 
082 |b M727 
100 |a Molloy, Derek 
245 0 |a Exploring Raspberry Pi : 
245 0 |b Interfacing to the real world with embedded Linux 
245 0 |c Derek Molloy 
260 |a Indianapolis, IN 
260 |b Wiley 
260 |c 2016 
520 |a This book favors engineering principles over a 'recipe' approach to give you the skills you need to design and build your own projects. You'll understand the fundamental principles in a way that transfers to any type of electronics, electronic modules, or external peripherals, using a "learning by doing" approach that caters to both beginners and experts. 
650 |a Raspberry Pi (Máy tính),Raspberry Pi (Computer) 
650 |x Lập trình,Programming 
910 |b nthai 
980 |a Trung tâm Học liệu Trường Đại học Cần Thơ